Изыскание и изучение новых эффективных нейро- психотропных препратов: Заключительный отчет о НИР; Тема: г/б 2.22.007 Том.лек.-1; Проблема 2.29.7.2. 2.11.4.1

Podrobná bibliografie
Korporativní autor: Томский политехнический институт (ТПИ) (595)
Další autoři: Филимонов В. Д. Виктор Дмитриевич (руководитель)
Shrnutí:For_staff_use
Jazyk:ruština
Vydáno: Томск, 1990
Témata:
Médium: MixedMaterials Kniha
KOHA link:https://koha.lib.tpu.ru/cgi-bin/koha/opac-detail.pl?biblionumber=150088

MARC

LEADER 00000nbm0a2200000 4500
001 150088
005 20231220092749.0
029 0 0 |a SU  |b 01860078282  |f ТПУ 
035 |a (RuTPU)RU\TPU\book\162700 
090 |a 150088 
100 |a 20081225d1990 k y0rusy50 ca 
101 0 |a rus 
102 |a RU 
105 |a a p 001zy 
200 1 |a Изыскание и изучение новых эффективных нейро- психотропных препратов  |e Заключительный отчет о НИР  |e Тема: г/б 2.22.007 Том.лек.-1  |e Проблема 2.29.7.2. 2.11.4.1  |f Томский политехнический институт (ТПИ) ; руководитель В. Д. Филимонов 
210 |a Томск  |d 1990 
215 |a 97 л. 
320 |a Библиогр.: с. 96. 
371 0 |a For_staff_use 
610 1 |a отчеты о НИР 
610 1 |a психотропные вещества 
610 1 |a противосудорожные средства 
610 1 |a ферментиндуцирующие средства 
610 1 |a антигипоксические препараты 
610 1 |a йодантипирин 
610 1 |a антивирусные средства 
610 1 |a антиармитмические средства 
610 1 |a труды учёных ТПУ 
675 |a 615.4(04)  |v 3 
702 1 |a Филимонов  |b В. Д.  |c химик  |c профессор Томского политехнического университета, доктор химических наук  |f 1945-  |g Виктор Дмитриевич  |3 (RuTPU)RU\TPU\pers\12908  |4 673  |9 3693 
712 0 2 |a Томский политехнический институт (ТПИ)  |c (1944-1991)  |3 (RuTPU)RU\TPU\col\1123  |4 595 
801 1 |a RU  |b 63413507  |c 20081225  |g PSBO 
801 2 |a RU  |b 63413507  |c 20100921  |g PSBO 
942 |c BK